000 00328nam a2200121Ia 4500
008 220214s9999 xx 000 0 und d
245 0 _aSputnik
260 _bNovosti Press Agency
_aMoscow
500 _aEnding Volume & Year: 1979,
500 _aMissing Volume: 1976-1978
500 _aStarting Volume & Year: 1974,
942 _cBJ
999 _c6000
_d6000